00513nam a2200229Ia 4500003000400000005001700004006001900021007000300040008004100043024001000084037001200094040001800106041000800124082001300132100001600145245003900161260000900200300001200209650003000221650001600251700001600267OSt20220912152039.0a|||||r|||| 00| 0 ta220909b |||||||| |||| 00| 0 eng d a60836 cTextual aCSLbengcCSL aeng aB0aD, J5 aReddick H W 0aAdvanced mathematics for engineers c1955 ap.ccm. a Mathematical engineering aMathematics a Miller F H